Central Library OPAC University of Rajshahi

Living with history / (Record no. 24398)

MARC details
000 -LEADER
fixed length control field 00559nam a22002053 4500
001 - CONTROL NUMBER
control field 24398
003 - CONTROL NUMBER IDENTIFIER
rucl marc code BD-RjUL
005 - DATE AND TIME OF LATEST TRANSACTION
control field 20211209001039.0
008 - FIXED-LENGTH DATA ELEMENTS--GENERAL INFORMATION
fixed length control field 140313s1939 enk 000 0 eng d
035 ## - SYSTEM CONTROL NUMBER
System control number (BD-RjUL)24464
040 ## - CATALOGING SOURCE
Original cataloging agency EQO
Transcribing agency EQO
Language of cataloging eng
Modifying agency BD-RjUL
041 ## - LANGUAGE CODE
Language code of text/sound track or separate title eng
082 ## - DEWEY DECIMAL CLASSIFICATION NUMBER
Classification number 942
Author mark and year SHL
100 1# - MAIN ENTRY--PERSONAL NAME
Personal name Short, Ernest Henry.
9 (RLIN) 75120
245 10 - TITLE STATEMENT
Title Living with history /
Statement of responsibility, etc. Ernest Henry, Short
260 ## - PUBLICATION, DISTRIBUTION, ETC. (IMPRINT)
Place of publication, distribution, etc. London :
Name of publisher, distributor, etc. longmans,
Date of publication, distribution, etc. 1939.
300 ## - PHYSICAL DESCRIPTION
Pagination 155 p. ;
Size 18cm.
650 ## - SUBJECT ADDED ENTRY--TOPICAL TERM
Topical term or geographic name as entry element Mexico -- History -- Conquest, 1519-1540.
9 (RLIN) 75121
942 ## - ADDED ENTRY ELEMENTS (KOHA)
Source of classification or shelving scheme Dewey Decimal Classification
Koha item type Books
Holdings
Lost status Source of classification or shelving scheme Damaged status Not for loan Collection code Permanent Location Current Location Shelving location Date acquired Source of acquisition Cost, normal purchase price Total Checkouts Full call number Date last seen Copy number Koha item type
  Dewey Decimal Classification   Added to bundle Non-fiction Central Library, University of Rajshahi Central Library, University of Rajshahi Reading Room 09/01/1956 Simplication miraza 5.00   942 SHL 1951 13/03/2014 C-1 Books
  Dewey Decimal Classification   Added to bundle Non-fiction Central Library, University of Rajshahi Central Library, University of Rajshahi Reading Room 09/01/1956 shqwkat osman dhaka 4.90   942 SHL 1950 27/03/2014 C-1 Books
  Dewey Decimal Classification     Non-fiction Central Library, University of Rajshahi Central Library, University of Rajshahi   09/01/1956 SIMPKIM MASSHALL 4.60   942 SHL 1951 27/03/2014 C-2 Books